Naše PHM bez olova

Bibliographic Details
Format: Article
Language:Slovak
PhysicalDescription:Tab. 1
Subjects:

MARC

LEADER 00000nab a2200000 a 4500
001 vtls000643422
003 SK-MaSNL
005 20260302184025.0
008 160401c1997 xo 0 slo
015 |a SNBRB19rr/mm-uuuuu 
035 |a CL0643561 
040 |a SNKBUCL  |b slo  |c SNKBUCL  |e AACR2 
041 0 |a slo 
044 |a xo  |c SK 
080 |a 665.6:061.5(437.6):504.05  |2 1981 
080 |a 504.05  |2 1981 
245 0 0 |a Naše PHM bez olova 
300 |b Tab. 1 
650 0 7 |a pohonné hmoty  |2 snkbucl  |9 68693 
650 0 7 |a Slovnaft, a.s., Bratislava  |2 snkbucl  |9 898527 
651 7 |a 5100  |2 snkbucl  |9 166206 
655 7 |a články z novín a časopisov  |2 snkbucl  |9 267496 
773 0 |t Slovenský profit  |g Roč. 5, č. 46 (1997), s. 16 
850 |a Slovenská národná knižnica v Martine  |a MTA001 
852 |a SNK  |b KIS3GCP 
958 |a SK 
958 |a RK 
958 |a RBX 
999 |c 1423913  |d 1425843